Spain and New Spain (Record no. 682)

MARC details
000 -CABECERA
campo de control de longitud fija 00912nam a2200229 a 4500
001 - NÚMERO DE CONTROL
campo de control BRCA_785
005 - FECHA Y HORA DE LA ÚLTIMA TRANSACCIÓN
campo de control 20190320203141.0
008 - DATOS DE LONGITUD FIJA--INFORMACIÓN GENERAL
campo de control de longitud fija 790530s1979 txua---##b---#000-0#eng-#
040 ## - FUENTE DE LA CATALOGACIÓN
Centro catalogador/agencia de origen DLC
Centro/agencia transcriptor DLC
Centro/agencia modificador DLC
050 #4 - SIGNATURA TOPOGRÁFICA DE LA BIBLIOTECA DEL CONGRESO
Número de clasificación ND253
Número de documento/Ítem .B36 1979
100 1# - ENTRADA PRINCIPAL--NOMBRE DE PERSONA
Nombre de persona Bantel, Linda
9 (RLIN) 2613
245 10 - MENCIÓN DE TÍTULO
Título Spain and New Spain
Resto del título Mexican Colonial Arts in Their European Context
Mención de responsabilidad, etc. Linda Bantel and Marcus B. Burke ; historical preface by Roberto White.
260 ## - PUBLICACIÓN, DISTRIBUCIÓN, ETC.
Lugar de publicación, distribución, etc. Corpus Christi, Texas
Nombre del editor, distribuidor, etc. Art Museum of South Texas
Fecha de publicación, distribución, etc. 1979
300 ## - DESCRIPCIÓN FÍSICA
Extensión 146 p.
Otras características físicas il.
Dimensiones 28 cm.
500 ## - NOTA GENERAL
Nota general Catálogo de la exposición realizada en The Art Museum of South (Corpus Christi, Texas), 15 febrero - 30 abril, 1979
500 ## - NOTA GENERAL
Nota general Fotocopias
650 14 - PUNTO DE ACCESO ADICIONAL DE MATERIA--TÉRMINO DE MATERIA
Término de materia o nombre geográfico como elemento de entrada Arte
Subdivisión de forma Exposiciones
Subdivisión cronológica Colonia, 1540-1821
Subdivisión geográfica Nueva España
9 (RLIN) 2614
650 14 - PUNTO DE ACCESO ADICIONAL DE MATERIA--TÉRMINO DE MATERIA
Término de materia o nombre geográfico como elemento de entrada Pintura
Subdivisión cronológica Colonia, 1540-1821
Subdivisión geográfica México
9 (RLIN) 2615
700 1# - PUNTO DE ACCESO ADICIONAL--NOMBRE DE PERSONA
Nombre de persona Burke, Marcus B
9 (RLIN) 2319
700 1# - PUNTO DE ACCESO ADICIONAL--NOMBRE DE PERSONA
Nombre de persona White, Roberto
9 (RLIN) 2616
942 ## - ELEMENTOS DE PUNTO DE ACCESO ADICIONAL (KOHA)
Fuente del sistema de clasificación o colocación Library of Congress Classification
Tipo de ítem Koha Libros
Holdings
Estado de retiro Estado de pérdida Estado dañado No para préstamo Localización permanente Ubicación/localización actual Fecha de adquisición Total de préstamos Signatura topográfica completa Código de barras Fecha visto por última vez Precio válido a partir de Tipo de ítem Koha
El ejemplar forma parte de la colección y puede ser consultado según las políticas vigentes.       Biblioteca del Museo Franz Mayer (Rogerio Casas-Alatriste) Biblioteca del Museo Franz Mayer (Rogerio Casas-Alatriste) 26/06/2008   ND253 .B36 1979 01185 22/03/2019 22/03/2019 Libros